Cómo trabajar en equipo y crear relaciones de calidad con jefes y compañeros

Guardado en:
Detalles Bibliográficos
Autor principal: Borrell i Carrió, Francesc (Autor)
Formato: Libro
Lenguaje:español
Publicado: Barcelona Gestión 2000 2004
Materias:
Etiquetas: Agregar Etiqueta
Sin Etiquetas, Sea el primero en etiquetar este registro!

MARC

LEADER 00000nam a2200000 a 4500
001 UCI4153
003 CL-VaPUC
008 071228e20040000SP |||||||||||||||||spa|d
020 |a 8480889705 
082 0 4 |a 658.4  |b BOR  |2 21 
100 0 |a Borrell i Carrió, Francesc  |e author  |9 525856 
245 1 0 |a Cómo trabajar en equipo y crear relaciones de calidad con jefes y compañeros 
300 |a 252 p 
942 |c BK 
945 |d 20071228 00:00:00  |a rbrito 
260 |a Barcelona  |b Gestión 2000  |c 2004 
650 7 |a TRABAJO EN EQUIPO  |2 CL-VaPUC  |9 393025 
650 0 |a Relaciones laborales   |9 335971 
650 0 |a Condiciones de trabajo   |9 359118 
650 0 |a Conducta humana   |9 269906 
650 0 |a Dinámica de grupos   |9 259862 
650 7 |a GESTION DE PERSONAL  |2 CL-VaPUC  |9 522904 
650 7 |a PSICOLOGIA DEL TRABAJO  |2 CL-VaPUC  |9 324586 
650 0 |a Rendimiento laboral   |9 525857 
650 0 |a Conflictos laborales  |9 256688 
583 |a last modification  |c 20071228 00:00:00  |k Rodrigo Vera 
999 |c 328137  |d 328135 
952 |0 0  |1 0  |4 0  |6 658_400000000000000_BOR_2004  |7 0  |8 A  |9 411916  |a BIBEDU  |b BIBEDU  |d 2019-11-22  |i 439822K  |o 658.4 BOR 2004  |p 439822K  |r 2019-11-22  |w 2019-11-22  |y BK  |k PSI